000 01094cam a2200253 a 4500
001 000687482
003 AM-YeHGA
005 20250617142308.0
008 071029s2008 nyua b 001 0 eng d
020 _z9781555706142 (alk. paper)
020 _a1555706142 (alk. paper)
040 _aAM-YeHGA
041 0 _aeng
100 1 _aKroski, Ellyssa.
245 1 0 _aWeb 2.0 for librarians and information professionals /
_cEllyssa Kroski.
260 _aNew York :
_bNeal-Schuman Publishers,
_c2008.
300 _axiv, 209 p. :
_bill. ;
_c23 cm.
504 _aIncludes bibliogr. references and index.
505 0 _aWeb 2.0 ; Blogs ; RSS and newsreaders ; Wikis ; Social bookmarking ; Photo sharing ; Social cataloging ; Video sharing ; Personalized start pages ; Social networking software ; Vertical search engines ; Social news ; Answers technology ; Virtual worlds ; Productivity tools ; Podcasting ; Mashups.
650 0 _aWeb 2.0.
650 0 _aLibraries and the Internet.
856 4 1 _oTable of contents only
_uhttp://www.loc.gov/catdir/toc/ecip083/2007043249.html
090 _c256625
999 _c255021
_d255021